000 003280000a22001570004500
001 001329
003 MACL
040 _aMACL
090 _c1329
_d1329
100 _aWangoo, M.l
245 _aTeaching Of History
_cM.l Wangoo
260 _aSuneek Publications,
_c2000
350 _a150
650 _aEducation
942 _k371
_cBook
999 _c1324
_d1324